000
00304nam a22001217a 4500
008
230314b |||||||| |||| 00| 0 eng d
020
_a
978-99936-27-20-3
082
_a
344.68
100
_a
Parliament of Bhutan
245
_a
Disaster Management Act of Bhutan 2013
300
_a
41 p.
_c
21 cm
942
_2
ddc
999
_c
9425
_d
9426